Welcome to the Holygrace Academy Library

Please use search bar below to get started

BETTER SPELLING IN 30 MINUTES A DAY (Record no. 4045)

MARC details
000 -LEADER
fixed length control field 00347nam a22001457a 4500
020 ## - INTERNATIONAL STANDARD BOOK NUMBER
ISBN 81-8274-646-9
082 ## - DEWEY DECIMAL CLASSIFICATION NUMBER
Classification number 425
Item number SCH/B
100 ## - MAIN ENTRY--AUTHOR NAME
Personal name EMERY, ROBERT W.
100 ## - MAIN ENTRY--AUTHOR NAME
Personal name CROSBY, HARRY H
245 ## - TITLE STATEMENT
Title BETTER SPELLING IN 30 MINUTES A DAY
260 ## - PUBLICATION, DISTRIBUTION, ETC. (IMPRINT)
Place of publication DELHI
Name of publisher PENTAGON PRESS
300 ## - PHYSICAL DESCRIPTION
Number of Pages 185
650 ## - SUBJECT ADDED ENTRY--TOPICAL TERM
Topical Term PHONICS& SPELLING
Geographic subdivision DELHI
942 ## - ADDED ENTRY ELEMENTS (KOHA)
Koha item type Books
Holdings
Withdrawn status Lost status Collection code Home library Current library Shelving location Date acquired Source of acquisition Full call number Accession Number Koha item type
    Non-fiction Main Library Main Library SHELF-16D -ENGLISH GRAMMAR ,POEMS 02/10/2006 PURCHASE 425 SCH/B 00807 Books